Methods of teaching biological science / (Record no. 82779)

MARC details
000 -LEADER
fixed length control field 00584nam a22001937a 4500
005 - DATE AND TIME OF LATEST TRANSACTION
control field 20140314120021.0
010 ## - LCCN (DPL NO)
LC control number ENG-109419
020 ## - INTERNATIONAL STANDARD BOOK NUMBER
International Standard Book Number 9788183164535
Terms of availability 195.00
035 ## - SYSTEM CONTROL NUMBER
System control number EN-92952
037 ## - SOURCE OF ACQUISITION
Source of stock number/acquisition DBAD/PUB
082 ## - DEWEY DECIMAL CLASSIFICATION NUMBER
Classification number 574.0712
100 ## - MAIN ENTRY--PERSONAL NAME
Personal name Ameeta,P.
245 ## - TITLE STATEMENT
Title Methods of teaching biological science /
Statement of responsibility, etc by P. Ameeta
260 ## - PUBLICATION, DISTRIBUTION, ETC. (IMPRINT)
Place of publication, distribution, etc Hyderabad
Name of publisher, distributor, etc Neelkamal Publications
Date of publication, distribution, etc 2013
270 ## - ADDRESS
Address Sultan Bazar
City Hyderabad
Postal code 500095
300 ## - PHYSICAL DESCRIPTION
Extent xi,384p.
Dimensions 22cm(pbk)
500 ## - GENERAL NOTE
General note Includes bibliographical references and index
942 ## - ADDED ENTRY ELEMENTS (KOHA)
Source of classification or shelving scheme Dewey Decimal Classification
Item type English Books
Call number suffix AME
Classification part 574.0712
Holdings
Withdrawn status Lost status Not for loan Collection code Home library Current library Date acquired Source of acquisition Cost, normal purchase price Full call number Barcode Copy number Cost, replacement price Koha item type
    Not For Loan Non-fiction D.B.Act.Division D.B.Act.Division 26/02/2014 DBAD/PUB 195.00 574.0712 AME EN-92952 1 195.00 English Books

© Delhi Public Library
Hit Counter
free hit counter